| 000 | 00763nam a2200241 a 4500 | ||
|---|---|---|---|
| 005 | 20220628073936.0 | ||
| 008 | 160819s2012 es r 000 0 spa d | ||
| 020 | _a9788478448333 | ||
| 035 | _aUPN01000212485 | ||
| 049 | _aCG | ||
| 050 | 4 |
_aPQ9697 L5.7 _bA6.7 |
|
| 100 | 1 |
_aLispector, Clarice, _d1920-1977 _932271 |
|
| 245 | 1 | 0 |
_aAprendizaje, ó, El libro de los placeres / _cClarice Lispector ; tr. Cristina Sáenz de Tejada. |
| 260 |
_aMadrid : _bSiruela, _c2012. |
||
| 300 | _a142 p. | ||
| 440 | 0 | _aLibros del tiempo | |
| 534 |
_pTitulo original: _tUma aprendizagem ou O livro dos Prazeres |
||
| 650 | 0 |
_aNovela brasileña _95077 |
|
| 650 | 0 |
_aAmor en la literatura _94325 |
|
| 740 | 3 | _aEl libro de los placeres | |
| 905 | _aLibro | ||
| 999 |
_c184585 _d184585 |
||